000 00246nam a22000857a 4500
008 160708b xxu||||| |||| 00| 0 eng d
100 _92475
_aRohan Book Company
245 _aFamous Stories of Moral Values
260 _aNew Delhi
_bRohan Book Company
_c2004
999 _c2142
_d2142